000
00241nam a2200097Ia 4500
001
889974
005
20250826184149.0
008
250824s9999 xx 000 0 und d
245
0
_a
FAUST
_c
JOHANN WOLFGAG VON GORTHE
260
_b
İSKELE YAYINLARI
999
_c
889974
_d
889974